| 000 | 01912cab a22002415a 4500 | ||
|---|---|---|---|
| 001 | L158114 | ||
| 008 | 140619e2014 xxk 000 0 eng d | ||
| 035 | _a(Sirsi) u158114 | ||
| 041 | 0 | _aeng | |
| 100 | 1 | _aLoveday, Mark | |
| 245 | 0 | 0 | _aBoom time for property tribunals |
| 490 |
_aEstates Gazette _v(1424) 14 June 2014, 88-90(3) |
||
| 520 | _aReviews the work and procedures of the First Tier Tribunal (Property Chamber) (FTT) which took over responsibility for the functions of a number of bodies which dealt with property disputes on 1 July 2013 in England These included Leasehold Valuation Tribunal, Rent Assessment Committees, Residential Property Tribunal, Agricultural Lands Tribunal and the Adjudicator to HM Land Registry. Its jurisdiction applied to England only. In Wales, the tribunal structure continues under the Residential Property Tribunal Wales system. Appeals from the FTT are dealt with by the Upper Tribunal (Lands Chamber). Notes that there have been a significant increase in leasehold enfranchisement applications and residential service charge and management disputes partially due a number of long leases granted in the 1960s 1970s and 1980s falling below the 80 years when it became more expensive to extend leases due to inclusion of marriage value. Graphs show number of breakdown of applications by sector and number of applications and whether rental, leasehold enfranchisement or leasehold management. FTT also deals with disputes involving mobile and park homes. | ||
| 590 | _aKA | ||
| 650 | 2 | 4 | _aLEASEHOLD REFORM ACT 1967 |
| 650 | 2 | 4 | _aLEASEHOLD REFORM, HOUSING AND URBAN DEVELOPMENT ACT 1993 |
| 650 | 2 | 4 | _aTRIBUNAL PROCEDURE (FIRST TIER TRIBUNAL) (PROPERTY CHAMBER) RULES 2013 |
| 651 | 4 | _aEngland | |
| 690 | _aTRIBUNAL PROCEDURE (UPPER TRIBUNAL) (LANDS CHAMBER) RULES 2010 | ||
| 690 |
_aResidential property _96266 |
||
| 690 |
_aValuation _96273 |
||
| 942 | _n0 | ||
| 999 |
_c84517 _d84517 |
||